Measurement in psychology : (Record no. 529527)

000 -LEADER
fixed length control field 01242cam a2200313 a 4500
001 - CONTROL NUMBER
control field 3562117
003 - CONTROL NUMBER IDENTIFIER
control field NUST
005 - DATE AND TIME OF LATEST TRANSACTION
control field 20190927111652.0
008 - FIXED-LENGTH DATA ELEMENTS--GENERAL INFORMATION
fixed length control field 980803s1999 nyu b 000 0 eng
010 ## - LIBRARY OF CONGRESS CONTROL NUMBER
LC control number 98039566
020 ## - INTERNATIONAL STANDARD BOOK NUMBER
International Standard Book Number 0521621208
038 ## - RECORD CONTENT LICENSOR
Staff Name waseem
040 ## - CATALOGING SOURCE
Original cataloging agency DLC
Transcribing agency DLC
Modifying agency DLC
050 00 - LIBRARY OF CONGRESS CALL NUMBER
Classification number BF39
Item number .M545 1999
082 00 - DEWEY DECIMAL CLASSIFICATION NUMBER
Classification number 150.287
Author Mark MIC
100 1# - MAIN ENTRY--PERSONAL NAME
Personal name Michell, Joel.
9 (RLIN) 21761
245 10 - TITLE STATEMENT
Title Measurement in psychology :
Remainder of title critical history of a methodological concept /
Statement of responsibility, etc. Joel Michell.
260 ## - PUBLICATION, DISTRIBUTION, ETC.
Place of publication, distribution, etc. New York :
Name of publisher, distributor, etc. Cambridge University Press,
Date of publication, distribution, etc. c1999.
300 ## - PHYSICAL DESCRIPTION
Extent xvi, 246 p. ;
Dimensions 25 cm.
440 #0 - SERIES STATEMENT/ADDED ENTRY--TITLE
Title Ideas in context
9 (RLIN) 21762
504 ## - BIBLIOGRAPHY, ETC. NOTE
Bibliography, etc. note Includes bibliographical references (p. 224-242).
650 #0 - SUBJECT ADDED ENTRY--TOPICAL TERM
Topical term or geographic name entry element Psychometrics
General subdivision History.
9 (RLIN) 21763
650 #0 - SUBJECT ADDED ENTRY--TOPICAL TERM
Topical term or geographic name entry element Psychology
General subdivision Methodology
-- History.
9 (RLIN) 21764
856 42 - ELECTRONIC LOCATION AND ACCESS
Materials specified Publisher description
Uniform Resource Identifier <a href="http://www.loc.gov/catdir/description/cam029/98039566.html">http://www.loc.gov/catdir/description/cam029/98039566.html</a>
856 41 - ELECTRONIC LOCATION AND ACCESS
Materials specified Table of contents
Uniform Resource Identifier <a href="http://www.loc.gov/catdir/toc/cam022/98039566.html">http://www.loc.gov/catdir/toc/cam022/98039566.html</a>
906 ## - LOCAL DATA ELEMENT F, LDF (RLIN)
a 7
b cbc
c orignew
d 1
e ocip
f 19
g y-gencatlg
942 ## - ADDED ENTRY ELEMENTS (KOHA)
Source of classification or shelving scheme
Koha item type Book
Holdings
Withdrawn status Lost status Source of classification or shelving scheme Damaged status Not for loan Permanent Location Current Location Date acquired Total Checkouts Full call number Barcode Date last seen Price effective from Koha item type
          Central Library (CL) Central Library (CL) 09/27/2019   150.287 MIC NBSP-292 09/27/2019 09/27/2019 Book
© 2023 Central Library, National University of Sciences and Technology. All Rights Reserved.